[Event "Wch U12 Girls rapid"]
[Site "Batumi"]
[Date "2023.06.08"]
[Round "11"]
[White "Preobrazhenskaya, Diana"]
[Black "Kutateladze, Anastasia"]
[Result "1-0"]
[WhiteElo "1884"]
[BlackElo "1258"]
[PlyCount "85"]
[EventDate "2023.06.06"]
[EventType "swiss (rapid)"]
[EventRounds "11"]
[EventCountry "GEO"]
[SourceTitle "EXT 2024"]
[Source "ChessBase"]
[SourceDate "2023.10.10"]
[SourceVersion "1"]
[SourceVersionDate "2023.10.10"]
[SourceQuality "1"]
[WhiteTeam "FIDE"]
[BlackTeam "Georgia"]
[BlackTeamCountry "GEO"]

1. e4 c5 2. Nf3 e6 3. g3 Nc6 4. Bg2 d5 5. exd5 exd5 6. d4 Nf6 7. 0-0 Be6 8. a3 Be7 9. dxc5 Bxc5 10. b4 Be7 11. Bb2 0-0 12. Nc3 a6 13. Re1 Qd7 14. Ng5 Qd6 15. Na4 h6 16. Nxe6 fxe6 17. Nc5 e5 18. Nxb7 Qd7 19. Nc5 Bxc5 20. bxc5 Rfe8 21. Qd2 Rad8 22. Rad1 Qa7 23. Qc3 Kh8 24. a4 a5 25. Qa3 Qc7 26. Bc3 Qa7 27. Rb1 Rb8 28. Rb5 Rb7 29. Reb1 Rc7 30. Qc1 Ree7 31. Qe1 d4 32. Bxa5 Nxa5 33. Rxa5 Qxc5 34. Rxc5 Rxc5 35. Rb8+ Kh7 36. Be4+ Nxe4 37. Qxe4+ g6 38. Qa8 g5 39. Rh8+ Kg6 40. Qg8+ Kh5 41. Qf8 Rxc2 42. Rxh6+ Kg4 43. f3# 1-0

[Event "Wch U10 Girls"]
[Site "Batumi"]
[Date "2022.09.19"]
[Round "4"]
[White "Amanzhol, Khanzada"]
[Black "Kutateladze, Anastasia"]
[Result "1-0"]
[WhiteElo "1241"]
[BlackElo "1231"]
[PlyCount "161"]
[EventDate "2022.09.16"]
[EventType "swiss"]
[EventRounds "11"]
[EventCountry "GEO"]
[SourceTitle "EXT 2023"]
[Source "ChessBase"]
[SourceDate "2022.10.05"]
[SourceVersion "1"]
[SourceVersionDate "2022.10.05"]
[SourceQuality "1"]

1. d4 Nf6 2. c4 c5 3. d5 b5 4. cxb5 a6 5. bxa6 d6 6. Nc3 Bxa6 7. e4 Bxf1 8. Kxf1 g6 9. g3 Bg7 10. Kg2 0-0 11. Nf3 Nbd7 12. a4 Qb6 13. Qe2 Rfb8 14. Rb1 Ne8 15. Bf4 Qa6 16. Qe3 Rb3 17. Nd2 Bd4 18. Qf3 Rb4 19. b3 Nc7 20. h4 Nf6 21. Bg5 Bxc3 22. Qxc3 Nxe4 23. Nxe4 Rxe4 24. Bh6 f6 25. Qf3 Qe2 26. Rhe1 Qxf3+ 27. Kxf3 Re5 28. Rxe5 fxe5 29. Ke4 Rb8 30. Bd2 Ne8 31. Kd3 Nf6 32. Kc4 Ne4 33. Be1 Kf7 34. a5 Ke8 35. g4 Nf6 36. g5 Nd7 37. Bd2 Kd8 38. h5 e4 39. hxg6 hxg6 40. Bc3 Ne5+ 41. Bxe5 Rb4+ 42. Kc3 dxe5 43. Ra1 Kc7 44. a6 Kb8 45. a7+ Ka8 46. Ra5 Rd4 47. Rxc5 Kxa7 48. Rc7+ Kb6 49. Rxe7 Rxd5 50. Re6+ Kc5 51. Rxg6 Rd3+ 52. Kc2 Rf3 53. Rf6 Rh3 54. g6 Rh8 55. g7 Rg8 56. Rg6 Kd5 57. Kd2 Kd4 58. Ke2 e3 59. fxe3+ Ke4 60. b4 Kf5 61. Rg1 e4 62. Kd2 Ke5 63. b5 Kd6 64. Kc3 Kc5 65. Rg5+ Kb6 66. Kd4 Kc7 67. Kxe4 Kd7 68. Kf5 Ke7 69. Kg6 Ke6 70. Kh7 Kf7 71. Rf5+ Ke6 72. Kxg8 Kxf5 73. Kf7 Ke4 74. g8Q Kxe3 75. b6 Kd4 76. b7 Kc5 77. b8Q Kd4 78. Qg4+ Kd3 79. Qb3+ Kd2 80. Qg2+ Kc1 81. Qbc2# 1-0

[Event "Wch U10 Girls"]
[Site "Batumi"]
[Date "2022.09.18"]
[Round "3"]
[White "Kutateladze, Anastasia"]
[Black "Rajlic, Irina"]
[Result "1-0"]
[WhiteElo "1231"]
[BlackElo "1397"]
[PlyCount "31"]
[EventDate "2022.09.16"]
[EventType "swiss"]
[EventRounds "11"]
[EventCountry "GEO"]
[SourceTitle "EXT 2023"]
[Source "ChessBase"]
[SourceDate "2022.10.05"]
[SourceVersion "1"]
[SourceVersionDate "2022.10.05"]
[SourceQuality "1"]

1. e4 e5 2. Nc3 Nf6 3. Nf3 Nc6 4. d4 exd4 5. Nxd4 Bb4 6. Nxc6 bxc6 7. Bd3 0-0 8. 0-0 d6 9. Bg5 h6 10. Bh4 Be6 11. f4 Bc5+ 12. Kh1 Bd4 13. Qf3 Qc8 14. e5 Nd5 15. Qe4 g6 16. Qxd4 1-0

[Event "EU-ch Schools U11 Girls"]
[Site "Rhodes"]
[Date "2022.04.29"]
[Round "9"]
[White "Kutateladze, Anastasia"]
[Black "Janouskova, Eliska"]
[Result "1-0"]
[WhiteElo "1180"]
[BlackElo "1167"]
[PlyCount "75"]
[EventDate "2022.04.21"]
[EventType "swiss"]
[EventRounds "9"]
[EventCountry "GRE"]
[SourceTitle "CBM 208 Extra"]
[Source "ChessBase"]
[SourceDate "2022.07.31"]
[SourceVersion "1"]
[SourceVersionDate "2022.07.31"]
[SourceQuality "1"]

1. e4 c5 2. Nc3 e6 3. Nf3 d6 4. d4 cxd4 5. Nxd4 Nf6 6. f3 Be7 7. Be3 0-0 8. Qd2 a6 9. g4 Nc6 10. Nxc6 bxc6 11. 0-0-0 Rb8 12. g5 Nd7 13. f4 Nb6 14. h4 Qc7 15. h5 c5 16. b3 Qd7 17. Qf2 f6 18. g6 h6 19. Bd3 Qc6 20. Be2 d5 21. exd5 exd5 22. Bf3 Be6 23. f5 Bxf5 24. Nxd5 Qe6 25. Nxe7+ Qxe7 26. Bxc5 Qe6 27. Bxf8 Rxf8 28. Rhe1 Qc8 29. c4 Nxc4 30. Bd5+ Kh8 31. Bxc4 Bg4 32. Rd2 Bd7 33. Kb2 Qb7 34. Re7 Qc8 35. Rdxd7 Qb8 36. Qe2 Qc8 37. Rxg7 Re8 38. Rh7# 1-0

[Event "EU-ch Hybrid U10 Girls"]
[Site "Tornelo INT"]
[Date "2021.10.15"]
[Round "5"]
[White "Kutateladze, Anastasia"]
[Black "Sunea, Sara Maria"]
[Result "1-0"]
[WhiteElo "1137"]
[BlackElo "1342"]
[PlyCount "81"]
[EventDate "2021.10.15"]
[EventType "swiss"]
[EventRounds "9"]
[EventCountry "NET"]
[SourceTitle "EXT 2023"]
[Source "ChessBase"]
[SourceDate "2022.10.05"]
[SourceVersion "1"]
[SourceVersionDate "2022.10.05"]
[SourceQuality "1"]
[WhiteTeam "Georgia"]
[BlackTeam "Romania"]
[WhiteTeamCountry "GEO"]
[BlackTeamCountry "ROU"]

1. e4 c5 2. Nf3 Nc6 3. d4 cxd4 4. Nxd4 Nf6 5. Nc3 e5 6. Nb3 Bb4 7. f3 d5 8. exd5 Nxd5 9. Bd2 Bxc3 10. Bxc3 Nxc3 11. Qxd8+ Kxd8 12. bxc3 b6 13. 0-0-0+ Kc7 14. Bc4 f6 15. Bd5 Bb7 16. Rd2 Rad8 17. Rhd1 Rd6 18. Be4 Rxd2 19. Nxd2 Na5 20. Bxb7 Kxb7 21. Ne4 Kc7 22. Nd6 a6 23. Nf5 g6 24. Ne7 f5 25. Nd5+ Kb7 26. Nb4 Nc6 27. Rd7+ Kc8 28. Rf7 Nxb4 29. cxb4 Re8 30. Rxh7 e4 31. fxe4 Rxe4 32. a3 Re2 33. g3 Re3 34. Kb2 Kb8 35. Rh6 Re6 36. h4 Rc6 37. h5 Kb7 38. Rxg6 Rc7 39. h6 Kc8 40. Rg8+ Kb7 41. Rg7 1-0